000 00622nam a2200205 i 4500
001 147697
003 ES-MaACL
005 20260612132716.0
007 t|
008 071005s1969 sp ||||1| spa d
080 _a321(04)
100 1 _aUscatescu, Jorge,
_d1919-1995
_9112293
245 1 3 _aLa tragedia del poder
_b: Maquiavelo y Nietzsche /
_cJorge Uscatescu.
260 _a[s.l. :
_bs.n.],
_c1969.
300 _a18 p. ;
_c26 cm.
500 _aEs tirada aparte de "Atlantida", no. 40 de Julio-Agosto, 1969.
650 4 _aPolĂ­tica-
_xFilosofĂ­a
_916274
852 _aES-MaACL
_j2068-F-34
_bR.71238
999 _c147697
_d147697